| 000 | 01041nam a2200349 b 4500 | ||
|---|---|---|---|
| 001 | 000671447 | ||
| 003 | DO-SdBPM | ||
| 005 | 20250710123155.0 | ||
| 007 | ta | ||
| 008 | 970814s1997 sp | ||| ||spa | ||
| 017 |
_a _b |
||
| 020 | _a8432215007 | ||
| 035 | _a | ||
| 040 |
_aDO-SdBPM _bspa _cBPMSU _e rda |
||
| 041 | 1 |
_aspa _h |
|
| 082 | 4 |
_a833.91 _bS964p 1997 _222 |
|
| 100 | 1 |
_aSüskind, Patrick _d1949- _eautor |
|
| 245 | 1 | 3 |
_aEl perfume : _bhistoria de un asesino / _cPatrick Süskind ; traducción del alemán por Pilar Giralt Gorina |
| 250 | _a 2a. ed. | ||
| 264 |
_aBarcelona : _bbOOKET, _c1997 |
||
| 300 |
_a272 páginas : _c21 cm |
||
| 336 |
_atexto _btxt _2rdacontent |
||
| 337 |
_asin mediación _bn _2rdacarrier |
||
| 338 |
_avolumen _bnc _2rdacarrier |
||
| 590 | _aIvnentariado, 2025/VM | ||
| 650 | 7 | _a Novela juvenil alemana | |
| 650 | 7 |
_aOlores _v Novela |
|
| 650 | 7 |
_aPerfumes _vNovela |
|
| 700 | 1 |
_aGorina, Pilar Giralt _etraductora |
|
| 910 | _aVMateo V. Control de calidad. BPMSU | ||
| 942 |
_2ddc _cBK |
||
| 999 |
_c9177 _d9177 |
||